Spring Is Everywhere Quiz Stats

Quiz Updated Oct 5, 2016

Challenge
Share
Tweet
Embed
Score 0/20 Timer 05:00
8 Plays Today
% Correct
April Fools' Day
94.9%
Mayflower
93.8%
Mayfly
93.2%
Mayday
93%
Maya civilization
89.6%
March Hare
89.6%
Jo March
87%
Maya Angelou
87%
March Madness
86.1%
Ides of March
84.8%
% Correct
April O'Neil
84.8%
March King
83.5%
March of Dimes
77.4%
What Dreams May Come
75%
Seven Days in May
63.5%
April Come She Will
53.9%
April in Paris
46.6%
April 29, 1992 (Miami)
44.2%
Ants Marching
42.6%
Across Five Aprils
41.1%

You're not logged in!

Compare scores with friends on all Sporcle quizzes.
Sign Up with Email
OR
Log In

You Might Also Like...

Show Comments

Extras

Top Quizzes Today


Score Distribution

Your Account Isn't Verified!

In order to create a playlist on Sporcle, you need to verify the email address you used during registration. Go to your Sporcle Settings to finish the process.